00653 2200241 4500001002300000005001700023006001900040008004100059020001800100035002500118040001200143082001400155084001400169090002400183100002300207245005900230250001200289260003100301300003200332850001500364990000900379990002300388NBPULOB00000000001091620140716104039.0a ||| | 161121| ||| |  a979-497-191-x a0010-071400000001322 aNPBULOB0 a398.sup.b a398.sup.b a300/Ruang Baca Anak0 aDrs. Y.B. Suparlan00aCerita Rakyat Indonesia ( Batu Belah Batu Bertangkup ) aCet. 10 aYogyakartabKanisiusc1994 a62 HalmbIlusc19 x 12,5 cm aKPAD Lobar a5526 a5528 / Sumb / 2003